000
00240nam a2200097Ia 4500
001
1208615
005
20250827022849.0
008
250824s9999 xx 000 0 und d
245
0
_a
YENİ HAYAT
_c
ORHAN PAMUK
260
_b
YAPI KREDİ YAYINLARI
999
_c
1208615
_d
1208615